000 00350nam a2200121Ia 4500
008 220620s9999||||xx |||||||||||||| ||und||
100 _aHenry Davis McHenry
245 0 _aFrom Cognition to Being : Prolegomena for Teachers
546 _aEnglish[eng]
650 _aeducation||knowledge
856 _uhttp://books.openedition.org/uop/1786
942 _cEB
999 _c29285
_d29285